000 00666nam a2200241 i 4500
001 C2-0067702
003 PPAK
005 20190630222123.0
008 970311s1994 io a|||| ||||| | may d
020 _a9796051087
040 _aPPAK
_beng
_cPPAK
_erda
082 0 4 _a641.8654
_223
090 0 0 _a641.8654
_bTER
_dR
245 0 0 _aTerampil membuat kue kering
264 1 _aJakarta, Indonesia :
_bPT Gramedia Pustaka Utama ,
_c1994
300 _a66 pages :
_bcolour illustrations ;
_c30 cm
336 _2rdacontent
_atext
337 _2rdamedia
_aunmediated
338 _2rdacarrier
_avolume
650 1 0 _aCookies
700 0 _aYasaboga,
_ecompile
942 _ddc
_cB
999 _c7627
_d7627